European Heritage #1 - Statistics

General Stats
  • This quiz has been taken 499 times
  • The average score is 7 of 18
Answer Stats
This person is/was... Answer % Correct
one of the greatest football/soccer player ever, he won 5 ballon d'or. Cristiano Ronaldo
81%
the british Prime minister in 1980's. Margaret Thatcher
81%
one of the biggest tennis player of all time; he won 19 Grand Slam. Rafael Nadal
77%
the first european explorer to reach the coast of India via the Cape of Good Hope. Vasco da Gama
75%
the one who established the most prestigious award from the academic world. Alfred Nobel
72%
a chemist and a physicist, a sterilization process has been named after him. Louis Pasteur
62%
an entrepreneur, his symbol is the "Prancing Horse". Enzo Ferrari
43%
a singer and an actor, a recent success is his song "As it was" Harry Styles
37%
the inventor of the telegraph; was also a politician. Guglielmo Marconi
31%
artist of 1700's, primarily a portrait painter of the Spanish royal family and aristocracy. Francisco Goya
28%
known all over the world for his perfumes and fashion designs; real name: Francisco Rabaneda Cuervo. Paco Rabanne
27%
the one who discovered the "particle of God". Peter Higgs
26%
the main actor of "La vita è bella" (Life is beatiful). Roberto Benigni
20%
wtriter of "Pippi Longstocking" and many other stories for children. Astrid Lindgren
13%
an author,"cegueira" (blindness) is his masterpiece; winner of a Nobel Prize in literature in 1998. José Saramago
13%
a french politician protagonist of the "Treaty of Versailles" after WWI. Georges Clemenceau
11%
friend of Voltaire, one of the greatest exponents of the French Enlightenment. Denis Diderot
8%
founder of IKEA. Ingvar Kamprad
8%
No matching quizzes found
Score Distribution
Percent of People with Each Score
Percentile by Number Answered
Your Score History
You have not taken this quiz